MARC details
| 000 -CABECERA |
| campo de control de longitud fija |
00935cam a2200265 a 4500 |
| 001 - NÚMERO DE CONTROL |
| campo de control |
000011781 |
| 005 - FECHA Y HORA DE LA ÚLTIMA TRANSACCIÓN |
| campo de control |
20200929162549.0 |
| 008 - DATOS DE LONGITUD FIJA--INFORMACIÓN GENERAL |
| campo de control de longitud fija |
770714s1977 dcu b 001 0 spa |
| 020 ## - NÚMERO INTERNACIONAL ESTÁNDAR DEL LIBRO |
| Número Internacional Estándar del Libro |
0878401679 : |
| 040 ## - FUENTE DE LA CATALOGACIÓN |
| Centro catalogador/agencia de origen |
DO-SdBNP |
| Lengua de catalogación |
spa |
| Centro/agencia transcriptor |
DLC |
| Centro/agencia modificador |
BNPHU |
| 082 ## - NÚMERO DE LA CLASIFICACIÓN DECIMAL DEWEY |
| Número de clasificación |
418.02 |
| Número de documento/Ítem |
V393i |
| 049 ## - FONDOS LOCALES (OCLC) |
| Fondos de biblioteca |
BNGR |
| 100 1# - ENTRADA PRINCIPAL--NOMBRE DE PERSONA |
| Nombre de persona |
Vázquez-Ayora, Gerardo. |
| 9 (RLIN) |
27867 |
| 245 10 - MENCIÓN DE TÍTULO |
| Título |
Introducción a la traductología : |
| Resto del título |
curso básico de traducción / |
| Mención de responsabilidad, etc. |
Gerardo Vázquez-Ayora. |
| 260 ## - PUBLICACIÓN, DISTRIBUCIÓN, ETC. |
| Lugar de publicación, distribución, etc. |
Washington, Estados Unidos : |
| Nombre del editor, distribuidor, etc. |
Georgetown University Press, |
| Fecha de publicación, distribución, etc. |
[1977]. |
| 300 ## - DESCRIPCIÓN FÍSICA |
| Extensión |
xv, 471 p. ; |
| Dimensiones |
23 cm. |
| 504 ## - NOTA DE BIBLIOGRAFÍA, ETC. |
| Nota de bibliografía, etc. |
Incluye referencias bibliográficas (p. 428-435). |
| 500 ## - NOTA GENERAL |
| Nota general |
Incluye índice |
| 500 ## - NOTA GENERAL |
| Nota general |
Datos tomado de la cubierta. |
| 650 #4 - PUNTO DE ACCESO ADICIONAL DE MATERIA--TÉRMINO DE MATERIA |
| Término de materia o nombre geográfico como elemento de entrada |
Traducción e interpretación |
| 9 (RLIN) |
27868 |
| 650 #4 - PUNTO DE ACCESO ADICIONAL DE MATERIA--TÉRMINO DE MATERIA |
| Término de materia o nombre geográfico como elemento de entrada |
Idioma inglés |
| Subdivisión general |
Traducción |
| 9 (RLIN) |
27869 |
| 650 #4 - PUNTO DE ACCESO ADICIONAL DE MATERIA--TÉRMINO DE MATERIA |
| Término de materia o nombre geográfico como elemento de entrada |
Análisis del discurso. |
| 9 (RLIN) |
2282 |
| 650 #4 - PUNTO DE ACCESO ADICIONAL DE MATERIA--TÉRMINO DE MATERIA |
| Término de materia o nombre geográfico como elemento de entrada |
Lingüistica aplicada |
| 9 (RLIN) |
7159 |
| 910 ## - DATOS DE OPCIÓN DEL USUARIO (OCLC) |
| Datos de opción del usuario |
Catalogación derivada |